000 00937aam a2200337 i 4500
001 768714001
003 CO-MdFUSB
005 20250908124644.0
007 ta
007 ta
008 250908t1991 -us |||| |||| 00| 0 eng d
020 _a0-310-53141-1
040 _cCO-MdFUSB
041 0 _aeng
082 0 4 _223
_a250.91732
_bL761c
100 1 _aLinthicum, Robert C.
_eautor
245 1 0 _aCity of God, City of satan :
_ba Biblical Theology of the Urban Church
_c/ Robert C. Linthicum
264 1 _bZondervan Publishing House,
_aGrand Rapids, MI., USA :
_c[1991]
264 4 _c©1991
300 _a330 páginas
336 _atexto
_btxt
_2rdacontent
337 _2rdamedia
_asin mediación
_bn
338 _2rdacarrier
_avolumen
_bnc
563 _aPasta dura
650 7 _aTeología bíblica
_9320
653 _aEclesiología
653 _aIglesia urbana
942 _cBK
945 _aJTF-925
999 _c36390
_d36390